[Event "Mecklenburg VP LL2 Ost 1516"]
[Site "Mecklenburg VP"]
[Date "2016.04.24"]
[Round "9.3"]
[White "Pawlowicz, Wolfgang"]
[Black "Micheel, Peter"]
[Result "1/2-1/2"]
[WhiteElo "1689"]
[BlackElo "1759"]
[PlyCount "37"]
[EventDate "2015.09.20"]
[EventType "team-tourn"]
[EventRounds "9"]
[EventCountry "GER"]
[SourceTitle "EXT 2022"]
[Source "ChessBase"]
[SourceDate "2021.10.06"]
[SourceVersion "1"]
[SourceVersionDate "2021.10.06"]
[SourceQuality "1"]
[WhiteTeam "Bergen Rugia"]
[BlackTeam "Graal Mueritz"]
[WhiteTeamCountry "GER"]
[BlackTeamCountry "GER"]

1. c4 b6 2. Nc3 Bb7 3. d4 e6 4. e4 Bb4 5. Bd2 Bxc3 6. Bxc3 Bxe4 7. Qg4 Bg6 8. Nf3 Nf6 9. Qf4 0-0 10. h3 a5 11. g4 d5 12. Ne5 Ne4 13. h4 f6 14. Nxg6 hxg6 15. Bg2 Nxc3 16. bxc3 c6 17. Qe3 Re8 18. Qd3 f5 19. Kd2 1/2-1/2

[Event "MVP-ch Seniors op 15th"]
[Site "Binz"]
[Date "2015.11.29"]
[Round "6.35"]
[White "Lehmann, Erwin"]
[Black "Pawlowicz, Wolfgang"]
[Result "1/2-1/2"]
[WhiteElo "1842"]
[BlackElo "1689"]
[PlyCount "102"]
[EventDate "2015.11.24"]
[EventType "swiss"]
[EventRounds "9"]
[EventCountry "GER"]
[SourceTitle "EXT 2017"]
[Source "ChessBase"]
[SourceDate "2016.10.25"]
[SourceVersion "1"]
[SourceVersionDate "2016.10.25"]
[SourceQuality "1"]

1. c4 c5 2. g3 Nc6 3. Bg2 Nf6 4. Nc3 g6 5. Nf3 Bg7 6. d4 cxd4 7. Nxd4 0-0 8. 0-0 a6 9. b3 Nxd4 10. Qxd4 d6 11. Qd3 Nd7 12. Bb2 Ne5 13. Qd2 Rb8 14. Rfd1 Bd7 15. Rac1 Bc6 16. Nd5 Nd7 17. Bxg7 Kxg7 18. Rc3 Bxd5 19. Qxd5 Nf6 20. Qg5 h6 21. Qc1 Qa5 22. a3 Qh5 23. h3 Rfe8 24. Re3 Nd7 25. Rd5 f5 26. b4 Nb6 27. Rd4 Qg5 28. c5 Nc8 29. c6 bxc6 30. Qxc6 Nb6 31. Qc2 Qf6 32. Qd1 Rec8 33. Kh2 Rc7 34. Rb3 Rbc8 35. Qd3 Nd7 36. Rd5 Rc3 37. Rxc3 Rxc3 38. Qxa6 f4 39. Rd3 fxg3+ 40. fxg3 Rc2 41. Re3 Ne5 42. Qb7 Qg5 43. Qe4 Rc4 44. Qb7 Ng4+ 45. hxg4 Qxe3 46. Bf3 Rc1 47. a4 Kf6 48. a5 Qg1+ 49. Kh3 Qf1+ 50. Kh2 Qf2+ 51. Bg2 Qg1+ 1/2-1/2

[Event "Mecklenburg VP LL2 Ost 1314"]
[Site "Mecklenburg VP"]
[Date "2013.12.15"]
[Round "4.5"]
[White "Kunow, Frank"]
[Black "Pawlowicz, Wolfgang"]
[Result "1/2-1/2"]
[WhiteElo "1793"]
[BlackElo "1755"]
[PlyCount "90"]
[EventDate "2013.10.27"]
[EventType "team-tourn"]
[EventRounds "9"]
[EventCountry "GER"]
[SourceTitle "EXT 2022"]
[Source "ChessBase"]
[SourceDate "2021.10.06"]
[SourceVersion "1"]
[SourceVersionDate "2021.10.06"]
[SourceQuality "1"]
[WhiteTeam "Neubrandenburg SG Eintracht"]
[BlackTeam "Bergen Rugia"]
[WhiteTeamCountry "GER"]
[BlackTeamCountry "GER"]

1. Nf3 Nf6 2. c4 c5 3. Nc3 Nc6 4. d4 cxd4 5. Nxd4 a6 6. g3 g6 7. Bg2 Bg7 8. 0-0 0-0 9. e4 Ne5 10. b3 d6 11. h3 Qc7 12. Bb2 Bd7 13. Kh2 Nc6 14. Nxc6 Bxc6 15. Nd5 Bxd5 16. exd5 Qd7 17. Qd3 Ng4+ 18. hxg4 Bxb2 19. Rab1 Bg7 20. Bh3 Qc7 21. g5 f5 22. gxf6 Bxf6 23. Be6+ Kg7 24. Kg2 Qa5 25. a4 Qc3 26. Qe2 Qe5 27. Qg4 Qd4 28. Rbe1 Qb2 29. Rb1 Qc3 30. Rfc1 Qd2 31. Rd1 Qa2 32. Rf1 Be5 33. Qg5 Bf6 34. Qe3 Be5 35. Rh1 h5 36. Rbe1 Qb2 37. Re2 Qd4 38. Qxd4 Bxd4 39. Rh4 Bf6 40. Rhe4 g5 41. f4 gxf4 42. Rxf4 Be5 43. Rxf8 Rxf8 44. Rf2 Rxf2+ 45. Kxf2 b6 1/2-1/2

[Event "MVP-ch Seniors op 13th"]
[Site "Binz"]
[Date "2013.12.03"]
[Round "7"]
[White "Pawlowicz, Wolfgang"]
[Black "Artmann, Heribert"]
[Result "1/2-1/2"]
[WhiteElo "1755"]
[BlackElo "1601"]
[PlyCount "54"]
[EventDate "2013.11.27"]
[EventType "swiss"]
[EventRounds "9"]
[EventCountry "GER"]
[SourceTitle "EXT 2015"]
[Source "ChessBase"]
[SourceDate "2014.11.20"]
[SourceVersion "1"]
[SourceVersionDate "2014.11.20"]
[SourceQuality "1"]

1. c4 c5 2. Nc3 Nc6 3. Nf3 Nf6 4. g3 g6 5. Bg2 Bg7 6. 0-0 0-0 7. d3 d6 8. Bg5 h6 9. Bd2 Kh7 10. a3 Rb8 11. Rc1 Bd7 12. Qc2 Qc8 13. Nd5 Nxd5 14. cxd5 Nd4 15. Nxd4 Bxd4 16. Bc3 Bxc3 17. Qxc3 Bh3 18. d4 Bxg2 19. Kxg2 b6 20. e4 Qd7 21. f4 f5 22. dxc5 bxc5 23. e5 Qb5 24. Rf2 Qb3 25. Qxb3 Rxb3 26. exd6 exd6 27. Re1 Kg7 1/2-1/2

[Event "MVP-ch Seniors op 13th"]
[Site "Binz"]
[Date "2013.12.02"]
[Round "6"]
[White "Noelter, Gerd"]
[Black "Pawlowicz, Wolfgang"]
[Result "1/2-1/2"]
[WhiteElo "1597"]
[BlackElo "1755"]
[PlyCount "32"]
[EventDate "2013.11.27"]
[EventType "swiss"]
[EventRounds "9"]
[EventCountry "GER"]
[SourceTitle "EXT 2015"]
[Source "ChessBase"]
[SourceDate "2014.11.20"]
[SourceVersion "1"]
[SourceVersionDate "2014.11.20"]
[SourceQuality "1"]

1. d4 Nf6 2. Nf3 g6 3. Bf4 d6 4. h3 Bg7 5. e3 0-0 6. Nbd2 c5 7. c3 cxd4 8. exd4 Nh5 9. Be3 Re8 10. Bc4 d5 11. Be2 Nc6 12. Ng5 Nf6 13. f4 h6 14. Ngf3 Nh5 15. Kf2 e6 16. a3 Ne7 1/2-1/2

[Event "MVP-ch Seniors op 13th"]
[Site "Binz"]
[Date "2013.11.28"]
[Round "2"]
[White "Pawlowicz, Wolfgang"]
[Black "Gierse, Heinz Dieter"]
[Result "1/2-1/2"]
[WhiteElo "1755"]
[BlackElo "1933"]
[PlyCount "61"]
[EventDate "2013.11.27"]
[EventType "swiss"]
[EventRounds "9"]
[EventCountry "GER"]
[SourceTitle "EXT 2015"]
[Source "ChessBase"]
[SourceDate "2014.11.20"]
[SourceVersion "1"]
[SourceVersionDate "2014.11.20"]
[SourceQuality "1"]

1. c4 e5 2. Nc3 Nf6 3. d3 Nc6 4. Nf3 Bc5 5. e3 d6 6. a3 a6 7. Be2 0-0 8. 0-0 Re8 9. b4 Ba7 10. Bb2 Ne7 11. Rc1 Ng6 12. Nd2 c6 13. Nce4 Nxe4 14. Nxe4 f5 15. Nd2 f4 16. e4 Nh4 17. Nf3 Nxf3+ 18. Bxf3 Qh4 19. d4 Re6 20. g3 Qf6 21. d5 Re8 22. c5 dxc5 23. bxc5 Bh3 24. Bg2 Bxg2 25. Kxg2 Rad8 26. Qb3 Qf7 27. Rfd1 Kh8 28. Rd3 cxd5 29. Rxd5 Rxd5 30. Qxd5 Qxd5 31. exd5 1/2-1/2

[Event "MVP-ch Seniors op 13th"]
[Site "Binz"]
[Date "2013.11.27"]
[Round "1"]
[White "Pawlowicz, Wolfgang"]
[Black "Freerksen, Uwe"]
[Result "1-0"]
[WhiteElo "1755"]
[BlackElo "1270"]
[PlyCount "35"]
[EventDate "2013.11.27"]
[EventType "swiss"]
[EventRounds "9"]
[EventCountry "GER"]
[SourceTitle "EXT 2015"]
[Source "ChessBase"]
[SourceDate "2014.11.20"]
[SourceVersion "1"]
[SourceVersionDate "2014.11.20"]
[SourceQuality "1"]

1. c4 c5 2. Nc3 Nf6 3. Nf3 d6 4. g3 Nc6 5. Bg2 e6 6. 0-0 Bd7 7. d4 Rb8 8. dxc5 dxc5 9. Bf4 Rc8 10. Nb5 b6 11. Bd6 Be7 12. Bxe7 Kxe7 13. Qd6+ Ke8 14. Qf4 Kf8 15. Rfd1 a6 16. Nd6 Rc7 17. Ng5 Be8 18. Ndxf7 1-0

[Event "Mecklenburg VP LL2 Ost 1314"]
[Site "Mecklenburg VP"]
[Date "2013.11.10"]
[Round "2.3"]
[White "Pawlowicz, Wolfgang"]
[Black "Wittig, Harry"]
[Result "0-1"]
[WhiteElo "1755"]
[BlackElo "1867"]
[PlyCount "67"]
[EventDate "2013.10.27"]
[EventType "team-tourn"]
[EventRounds "9"]
[EventCountry "GER"]
[SourceTitle "EXT 2022"]
[Source "ChessBase"]
[SourceDate "2021.10.06"]
[SourceVersion "1"]
[SourceVersionDate "2021.10.06"]
[SourceQuality "1"]
[WhiteTeam "Bergen Rugia"]
[BlackTeam "Waren ESV"]
[WhiteTeamCountry "GER"]
[BlackTeamCountry "GER"]

1. c4 c5 2. Nc3 Nc6 3. Nf3 Nf6 4. g3 g6 5. Bg2 Bg7 6. 0-0 0-0 7. a3 d6 8. d3 Bd7 9. Bd2 Ne8 10. Qc1 Nc7 11. Bh6 Rb8 12. Qd2 Ne6 13. Bxg7 Kxg7 14. e3 Ne5 15. Nxe5 dxe5 16. Nd5 f6 17. b4 b5 18. Rfd1 Re8 19. Qc3 Rc8 20. Rd2 Bc6 21. Rad1 Qd6 22. Qb2 Rb8 23. Qa2 a6 24. Rc1 Rec8 25. Rdc2 Bd7 26. Qb2 a5 27. cxb5 Bxb5 28. bxc5 Rxc5 29. Rxc5 Nxc5 30. d4 Nd3 31. Qc2 Nxc1 32. Qxc1 exd4 33. exd4 Bd3 34. Nf4 0-1

[Event "Mecklenburg VP LL2 Ost 1213"]
[Site "Mecklenburg VP"]
[Date "2013.02.24"]
[Round "6.5"]
[White "Schmidt, Paul1111"]
[Black "Pawlowicz, Wolfgang"]
[Result "0-1"]
[WhiteElo "1567"]
[BlackElo "1779"]
[PlyCount "54"]
[EventDate "2012.10.14"]
[EventType "team-tourn"]
[EventRounds "9"]
[EventCountry "GER"]
[SourceTitle "EXT 2022"]
[Source "ChessBase"]
[SourceDate "2021.10.06"]
[SourceVersion "1"]
[SourceVersionDate "2021.10.06"]
[SourceQuality "1"]
[WhiteTeam "Torgelow Droegeheide II"]
[BlackTeam "Bergen Rugia"]
[WhiteTeamCountry "GER"]
[BlackTeamCountry "GER"]

1. e4 c5 2. d4 cxd4 3. c3 dxc3 4. Nxc3 Nc6 5. Nf3 d6 6. Bc4 e6 7. Qe2 Nf6 8. 0-0 a6 9. a4 Be7 10. Rd1 Qc7 11. Bf4 e5 12. Bg3 Bg4 13. Rac1 Nd4 14. Qd3 Qd7 15. Nxd4 exd4 16. Qxd4 Bxd1 17. Rxd1 0-0 18. e5 Nh5 19. e6 fxe6 20. Qg4 Qe8 21. Bxe6+ Kh8 22. Bxd6 Bxd6 23. Rxd6 Nf6 24. Qb4 Qe7 25. Qb6 Rad8 26. Rxd8 Rxd8 27. h3 Rd6 0-1